| 000 | 00652nam a2200217 a 4500 | ||
|---|---|---|---|
| 005 | 20250219063746.0 | ||
| 008 | 010524m19881996es r 000 0 eng d | ||
| 020 | _a8420603104 | ||
| 035 | _aUPN01000106789 | ||
| 049 | _aCG | ||
| 050 | 4 |
_aDP270 _bT8.2 |
|
| 100 | 1 |
_aTusell, Javier, _d1945- |
|
| 245 | 1 | 3 |
_aLa dictadura de Franco / _cJavier Tusell. |
| 260 |
_aMadrid : _bAlianza, _c1988 (1996 impr.). |
||
| 300 | _a374 p. | ||
| 440 | 3 |
_aEl libro de bolsillo. _pLiteratura ; _v1310 |
|
| 600 | 1 | 4 |
_aFRANCO BAHAMONDE, FRANCISCO, _d1892-1975 |
| 650 | 2 |
_aFranquismo _97385 |
|
| 651 | 4 |
_aESPAÑA - _xPOLITICA Y GOBIERNO - _y1939-1975 _920916 |
|
| 905 | _aLibro | ||
| 999 |
_c80701 _d80701 |
||